00277nam a2200121Ia 45000030006000000080041000060400015000471000030000622450025000922600009001175460012001260050017001380STCL150530s9999 xx 000 0 und d aSTCLcSTCL aWalter; Marion Havighurst aClimb a lofty ladder c1960 aEnglish20220125171156.0